[Event "KUW-ch"]
[Site "Kuwait"]
[Date "2022.01.07"]
[Round "8"]
[White "Al Subaie, Nasser"]
[Black "Alshourfaa, Hazaa"]
[Result "1/2-1/2"]
[WhiteElo "1284"]
[BlackElo "1748"]
[PlyCount "84"]
[EventDate "2022.01.03"]
[EventType "swiss"]
[EventRounds "9"]
[EventCountry "KUW"]
[SourceTitle "CBM 206 Extra"]
[Source "ChessBase"]
[SourceDate "2022.03.31"]
[SourceVersion "1"]
[SourceVersionDate "2022.03.31"]
[SourceQuality "1"]

1. d4 d5 2. Nf3 Nc6 3. e3 Bg4 4. Be2 Qd7 5. 0-0 e6 6. c4 Bd6 7. a3 Nf6 8. c5 Be7 9. b4 a6 10. Bb2 0-0 11. Ne5 Bxe2 12. Qxe2 Nxe5 13. dxe5 Ne8 14. f4 f6 15. Nd2 b6 16. Bd4 bxc5 17. bxc5 g6 18. exf6 Bxf6 19. Bxf6 Nxf6 20. Nf3 Qe7 21. c6 Rfb8 22. a4 Rb6 23. Rfc1 a5 24. h3 Raa6 25. Ne5 Ra8 26. Kh2 Qd6 27. Rd1 Rab8 28. Nc4 Qc5 29. Nxb6 Rxb6 30. Rdc1 Qd6 31. Qc2 Ne4 32. Rab1 Rb4 33. Rxb4 Qxb4 34. Rb1 Qa3 35. Rb3 Qa1 36. Qb2 Qe1 37. Qb1 Qg3+ 38. Kg1 Qf2+ 39. Kh2 Qg3+ 40. Kh1 Nf2+ 41. Kg1 Nxh3+ 42. Kh1 Nf2+ 1/2-1/2